[Event "Mukachevo Christmas op U16"]
[Site "Mukachevo"]
[Date "2020.01.09"]
[Round "2"]
[White "Petrovskiy, Vadim1111"]
[Black "Kuchinka, Mykhailo"]
[Result "1-0"]
[WhiteElo "2209"]
[BlackElo "1439"]
[PlyCount "35"]
[EventDate "2020.01.09"]
[EventType "swiss"]
[EventRounds "9"]
[EventCountry "UKR"]
[SourceTitle "CBM 195 Extra"]
[Source "ChessBase"]
[SourceDate "2020.05.31"]
[SourceVersion "1"]
[SourceVersionDate "2020.05.31"]
[SourceQuality "1"]

1. e4 e6 2. d4 d5 3. Nc3 Nf6 4. e5 Nfd7 5. f4 c5 6. Nf3 Qb6 7. Be3 Nc6 8. Na4 Qa5+ 9. c3 cxd4 10. b4 Qd8 11. Nxd4 Nxd4 12. Bxd4 b6 13. Bd3 Nb8 14. 0-0 g6 15. Qe2 Nd7 16. g4 h5 17. f5 hxg4 18. fxe6 1-0